Teach yourself statistics / (Record no. 9886)
[ view plain ]
| 000 -LEADER | |
|---|---|
| fixed length control field | 00428cam a2200169ua 4500 |
| 041 ## - LANGUAGE CODE | |
| Language code of text/sound track or separate title | eng |
| 082 ## - DEWEY DECIMAL CLASSIFICATION NUMBER | |
| Classification number | 519.5 |
| Item number | GOO/TE |
| 100 ## - MAIN ENTRY--AUTHOR NAME | |
| Personal name | Goodman, Richard . |
| 245 ## - TITLE STATEMENT | |
| Title | Teach yourself statistics / |
| 260 ## - PUBLICATION, DISTRIBUTION, ETC. (IMPRINT) | |
| Place of publication | London : |
| Name of publisher | The English University Press Ltd , |
| Year of publication | 1960. |
| 300 ## - PHYSICAL DESCRIPTION | |
| Number of Pages | 239 ; . |
| 942 ## - ADDED ENTRY ELEMENTS (KOHA) | |
| Koha item type | Books |
| Withdrawn status | Lost status | Damaged status | Home library | Current library | Date acquired | Full call number | Accession Number | Koha item type |
|---|---|---|---|---|---|---|---|---|
| KAUAET | KAUAET | 07/04/2012 | 519.5 GOO/TE | 3580 | Books |
